000 00331nam a22001337a 4500
008 180202b xxu||||| |||| 00| 0 eng d
020 _a0873718283
041 _aeng
080 _a574
100 _a9
101 _aMJE
245 _aManipulation of groundwater colloid for environmental restoration
_cCarthy,J.F
942 _2udc
_cBK
999 _c41671
_d41671